| 000 | 00511nam a22001577a 4500 | ||
|---|---|---|---|
| 005 | 20120317133647.0 | ||
| 020 |
_a8170587387 _c15.00 |
||
| 035 | _aB-84063 | ||
| 037 |
_aDPL _bENG |
||
| 245 | _aSri Aurobindo and his ashram / | ||
| 250 | _a9th ed. | ||
| 260 |
_aPondicherry _bSri Aurobindo Ashram _c2004 |
||
| 300 |
_a62p. _c16 cms. |
||
| 942 |
_2ddc _cEN _h181.499 _mSRI |
||
| 999 |
_c64099 _d64099 |
||